Start with N, end with N - Statistics

General Stats
  • This quiz has been taken 32 times
  • The average score is 11 of 15
Answer Stats
Question Answer % Correct
German for no Nein
100%
French for no Non
100%
12 o'clock, lunchtime Noon
100%
Another word for grandma Nan
97%
Pioneering physicist, first name Isaac Newton
97%
Famous maker of cameras Nikon
90%
Famous English Lord Admiral Nelson
86%
Alternative name of Japan Nippon
86%
Car manufacturer, who produces the Micra Nissan
86%
Serviette Napkin
83%
Famous composer and songwriter, Randy Newman
66%
Famous English conquest Norman
62%
A formulated idea or train of thought Notion
31%
Think 'The Sound of Music' Nun
21%
One's 'common sense' Noggin
17%
No matching quizzes found
Score Distribution
Percent of People with Each Score
Percentile by Number Answered
Your Score History
You have not taken this quiz